01704nam a22001817a 4500003000400000005001700004008004100021020001800062040001200080082001400092100001500106245006400121260005300185300001100238520122300249650002901472650002101501OSt20260424161746.0260424b |||||||| |||| 00| 0 eng d a9780241678923 cAACR-II a006.3 HAO aHao, Karen aEmpire of AI: inside the reckless race for total domination aLondon bAllen Lane; Penguin Random House c2025 a482 p. aAn eye-opening account of the tech arms race shaping out planet, from an award-winning journalist and AI insider to the world of Sam Altman and OpenAI When longtime AI expert and journalist Karen Hao first began covering OpenAI in 2019, she thought they were the good guys. Founded as a nonprofit with safety enshrined as its core mission, it was meant, its leader Sam Altman told us, to act as a check against more purely market forces. But the core truth of this massively disruptive sector is that it requires an unprecedented amount of proprietary resources: the ‘compute’ power of scarce high-end chips, the sheer volume of data that needs to be amassed at scale, the humans on the ground ‘cleaning it up’ for sweatshop wages throughout the Global South, and a truly alarming spike in the need for energy and water underlying everything. We have entered a new, ominous age of empire with OpenAI setting a breakneck pace, as a small group of the most valuable companies in human history try to chase it down. In exhilarating prose and with unparalleled access to those closest to Sam Altman, Hao recounts the meteoric rise of OpenAI and shows us the sinister impact that this industry is having on society. aArtificial Intelligence  aComputer Science